| 000 | 00583cam a22002291 4500 | ||
|---|---|---|---|
| 001 | sa 65000946 | ||
| 003 | DLC | ||
| 005 | 20260227112106.0 | ||
| 008 | 890717s1962 pk 000 0 urdr | ||
| 010 | _asa 65000946 | ||
| 035 | _a(OCoLC)20023357 | ||
| 040 |
_aDLC _cWaU _dDLC |
||
| 042 | _apremarc | ||
| 050 | 0 | 0 |
_aPK2200.H342 _bM48 |
| 100 | 1 |
_aHamid, Abdul, _d1928-2011. |
|
| 245 | 1 | 0 | _aMirzā G̲h̲ālib Rāʼil Pārk men̲. |
| 260 |
_aLahore, _c[1962] |
||
| 300 |
_a255 p. _c18 cm. |
||
| 500 | _aIn Urdu. | ||
| 500 | _aText partially vocalized. | ||
| 650 | 0 | _aUrdu poetry. | |
| 999 |
_c61826 _d61826 |
||